000 00934nas a2200289 4500
001 BR9203922
003 BR-BrBNA
005 20231205092651.0
007 ta
008 230509b bl.|||p| |||| 00| 00por d
040 _aBR-BrBNA
_bpor
_cBiblioteca Nacional de Agricultura
041 _a(Pt)
072 _aQ03
100 1 _aSantos, M.C. dos
100 1 _aRodrigues, R.M.M.S.
100 1 _aZamboni, C. de Q.
245 1 _aSucos de maracuja, tamarindo e uva: metodos de analise das condicoes higienicas
246 1 _aPassiflora fruit, tamarind and grape juices: methods for determination of sanitary quality
650 _aSUCO
650 _aMARACUJA
650 _aTAMARINDO
650 _aUVA
650 _aINSPECAO SANITARIA
773 0 _tRevista do Instituto Adolfo Lutz (Brazil)
_xISSN 0073-9855
_g(Jun-Dec 1990), v. 50(1-2) p. 239-243
_wBR9203922
909 _a202311
_bLúcia
_c55
_dLúcia Elande
942 _2AGRIS
_n0
_cANA
999 _c133273
_d133273